000 00670nam a2200193 a 4500
008 120416s1988 ||||||||||||||||| || u
020 _a067520786X
050 _aHD 62.7 Zim
100 _aScarborough, Norman M
245 1 0 _aSmall Business fundamentals
260 _aColombus
_bMerril Publishing
_c1988
300 _aix, 496 p. : ill.
350 _a0.00
500 _aIncludes bibliographical references and index.
650 _aSMALL BUSINESS--MANAGEMENT
650 0 _aBUSINESS
700 _aZimmerer, Thomas W
995 _D0.00
_FCBU-MAIN LIBRARY (Kitwe)
_H1
_I15.95
_M1
_UDAMAGED
_ZMain Library Open Access Collection
999 _c57569
_d57569